| 000 | 00551nam a22001697a 4500 | ||
|---|---|---|---|
| 003 | SGT | ||
| 020 | _a8172882661 | ||
| 082 | _a658.1511,GOY | ||
| 100 | _aGIYAL,S.N | ||
| 245 | _aPRINCIPLES OF MANAGEMENT ACCOUNTING | ||
| 250 | _a1ST | ||
| 260 |
_aAGRA _bSAHITYA BHAWAN PUBLICATION _c2003 |
||
| 300 | _a240 | ||
| 650 | _aMANAGEMENT ACCOUNTING | ||
| 653 | _aMANAGEMENT ACCOUNTING ITS ORIGIN CONCEPT AND GROWTH, BUSINESS BUDGETS AND BUDGETARY CONTROL, CAPITAL BUDGETING, MARGINAL COSTING AND BREAK EVEN ANALYSIS, STANDARD COSTING | ||
| 942 |
_2ddc _cFCM _05 |
||
| 999 |
_c9136 _d9136 |
||